Využitie webových technológii v malých podnikoch poskytujúcich služby diplomová práca

Uložené v:
Podrobná bibliografia
Hlavný autor: Magušin, Michal
Korporativný autor: Fakulta hospodárskej informatiky EU. Katedra aplikovanej informatiky
Ďalší autori: Bandurič, Igor, 1980-
Médium: Kniha
Jazyk:Slovak
Vydavateľské údaje: Bratislava 2018
Tagy: Pridať tag
Žiadne tagy, Buďte prvý, kto otaguje tento záznam!

MARC

LEADER 00000nbm a2200000 4500
001 0245215
005 20181016145239.9
041 0 |a slo 
044 |a SK 
245 1 0 |a Využitie webových technológii v malých podnikoch poskytujúcich služby  |b diplomová práca  |c Michal Magušin ; školiteľ: Igor Bandurič 
264 1 |a Bratislava  |c 2018 
300 |a 79 s. 
100 1 |a Magušin, Michal 
700 1 |a Bandurič, Igor, 1980- 
710 2 |a Fakulta hospodárskej informatiky EU. Katedra aplikovanej informatiky